000 01211cam a22002891i 4500
003 SA-RiAUC
005 20250109075757.0
008 250107s2007 ua f 000 0 ara c
040 _aSA-RiAUC
_bara
_cSA-RiAUC.
_erda
082 0 4 _a251.6
090 _a251.6
_bم ش ع
100 1 _aمشعل، محمود إسماعيل محمد،
_d1969-
_eمؤلف.
245 1 0 _aأثر الخلاف الفقهي في القواعد المختلف فيها ومدى تطبيقها في الفروع المعاصرة /
_cمحمود إسماعيل محمد مشعل ؛ تقديم علي جمعة محمد
250 _aالطبعة الأولى.
264 1 _aالقاهرة :
_bدار السلام،
_c2007
300 _aصفحة
336 _aنص
_btxt
_2rdacontent
_3كتاب
337 _aبدون وسيط
_bn
_2rdamedia
338 _aمجلد
_bnc
_2rdacarrier
500 _aالأصل أطروحة دكتوراه.
650 7 _aالقواعد الفقهية
_2aucsh
650 7 _aالاختلاف (فقه إسلامي)
_2aucsh
650 7 _aأصول الفقه الإسلامي
_2aucsh
700 1 _aجمعة، علي،
_d1952-
_eمقدم.
942 _2ddc
_cBOOK
_n0
949 _aSA-JeALM
_d250107
_umohamedma123
_n1
999 _c4536
_d4536